Uno + uno : Il terrazzo ; Il *labirinto : due romanzi brevi degli anni '50-'60 /

Gespeichert in:
Bibliographische Detailangaben
1. Verfasser: Stefani, Myriam (Verfasst von)
Format: Buch
Sprache:Italienisch
Veröffentlicht: Verona : Bertani, c1984
Schriftenreihe:Testi/Romanzo ; 33
Tags: Tag hinzufügen
Keine Tags, Fügen Sie das erste Tag hinzu!

MARC

LEADER 00000nam a22000007i 4500
001 IT\ICCU\UBO\3426834
003 ItRI
005 20260115232327.0
008 080522s1984 it |||||| ||||| |||||c
040 |b ita  |c importazione bologna sebina 
041 7 |a ita  |2 ISO-639-2 
100 1 |a Stefani, Myriam  |0 IT\ICCU\SBLV\175435  |4 aut 
245 1 0 |a Uno + uno :  |b Il terrazzo ; Il *labirinto : due romanzi brevi degli anni '50-'60 /  |c Myriam Stefani ; note introduttive di Luciano Inga-Pin. 
260 |a Verona :  |b Bertani,  |c c1984 
300 |a 176 p. ;  |c 20 cm. 
830 0 |a Testi/Romanzo ;  |v 33  |0 IT\ICCU\PUV\0174174 
942 |2 ddc  |c BK  |n 0 
952 |0 0  |1 0  |4 0  |6 DOC_853_914000000000000_STE  |7 0  |9 24259  |a BO  |b BO  |d 2026-01-15  |i 336  |l 0  |o DOC 853.914 STE  |p BO336  |r 2026-01-15 23:23:27  |w 2026-01-15  |x [Sebina 5] [1 v.]  |y BK  |z 1 v. 
999 |c 20650  |d 20650